00642nam a22002537a 4500003000500000005001700005008004100022010001000063011001000073020001500083035001100098040000900109082001500118100002200133245006400155260003400219300001100253490002700264650001000291650001700301650001600318650002700334830002700361CHAP20220329143516.0100315s1982 mx r 00010 spa d a97745 a98717 a8473672089 a109402 cCHAP14a335.4bL621 aLifschitz, Mijail13aLa filosofía del arte en Karl Marxc/por Mijail Lifschitz aBarcelona :bFontamara,c1982 a155 p. 0aColección logosv; 614aArte.14aFilosofía.14aLiteratura.14aMarx, Karly1818-1883. 0aColección logosv; 6